| 000 | 00503nam a2200181Ia 4500 | ||
|---|---|---|---|
| 005 | 20220801142905.0 | ||
| 008 | 131103s9999 xx 000 0 und d | ||
| 040 | _aLoreto College | ||
| 041 | _aEnglish | ||
| 082 |
_a822.3 _bEVA |
||
| 245 |
_aEnglish masques _cselected and with an introduction by Herbert Arthur Evans |
||
| 260 |
_aLondon _bBlackie _c[19- -?] |
||
| 300 | _alvi,245p. | ||
| 650 | _aEnglish dramatic poetry | ||
| 700 | _aEvans, Herbert Arthur | ||
| 850 |
_aLCLIB _bPG |
||
| 942 | _cBK | ||
| 999 |
_c22588 _d73067 |
||